Acerca de la generación y la corrupción

Saved in:
Bibliografiske detaljer
Hovedforfatter: Aristóteles, 384 a.C.- 322 a.C (Author)
Format: Bog
Sprog:spansk
Udgivet: Madrid Gredos 1989
Serier:Biblioteca Clásica Gredos, 107
Fag:
Tags: Tilføj Tag
Ingen Tags, Vær først til at tagge denne postø!

MARC

LEADER 00000nam a2200000 a 4500
001 UCX6085
003 CL-VaPUC
008 930413e19890000SP |||||||||||||||||spa|d
082 0 4 |a 185  |b ARI  |2 21 
100 |a Aristóteles,  |d 384 a.C.- 322 a.C.  |e author  |9 194 
245 1 0 |a Acerca de la generación y la corrupción 
246 1 0 |a Tratados breves de historia natural 
300 |a 366 p 
942 |c BK 
945 |d 19930413 00:00:00 
260 |a Madrid  |b Gredos  |c 1989 
650 0 |a Filosofía antigua   |9 255705 
583 |a last modification  |c 19930413 00:00:00  |k Rodrigo Vera 
490 0 |a Biblioteca Clásica Gredos, 107 
999 |c 226176  |d 226174 
952 |0 0  |1 0  |4 0  |6 185_000000000000000_ARI_1989  |7 0  |8 X  |9 224351  |a BIBHIS  |b BIBHIS  |d 2019-11-15  |i 2931109  |o 185 ARI 1989  |p 2931109  |r 2024-01-30  |w 2019-11-15  |y BK_X  |k HIS